000 00629nam a2200229Ia 4500
003 OSt
005 20220928134940.0
006 a|||||r|||| 00| 0
007 ta
008 220927b |||||||| |||| 00| 0 eng d
024 _a361
037 _cTextual
040 _aSDCL
_cSDCL
_beng
041 _2eng
_aeng
082 _aX0aR, L5
100 _aHollis Martin
_9371177
245 0 _aRational economic man
_b A philosophical critique of neo-classical economics
260 _c1975
700 _a Nell Edward
_9489173
942 _hX0aR, L5
_cTEXL
_2CC
999 _c804394
_d804394